Top 20 Most Feared Tanks Ever - Statistics

General Stats
  • This quiz has been taken 55 times
  • The average score is 5 of 20
Answer Stats
Rank Answer % Correct
3 T-34
64%
14 T-90
55%
4 M1 Abrams
43%
2 Panther
43%
12 T-72
43%
1 Tiger I
41%
8 IS-2
34%
5 Leopard 2
34%
11 T-55
34%
7 Tiger II
34%
9 Maus
32%
16 M4 Sherman
30%
10 Challenger 3
16%
18 Merkava
11%
6 ChurchillCrocodile
5%
19 M1A2 Abrams
5%
13 M60 Patton
5%
17 Object 279
2%
15 Strv 122
2%
20 Stryker X
2%
No matching quizzes found
Score Distribution
Percent of People with Each Score
Percentile by Number Answered
Your Score History
You have not taken this quiz